|
|
|
|
| LEADER |
00974nam a2200229 a 4500 |
| 001 |
GR-Patra14593 |
| 008 |
020612s1998 nju e b 001 0 eng d |
| 020 |
|
|
|a 0132494671
|
| 040 |
|
|
|a GrPaTEI
|b gre
|c GR-PaULI
|
| 040 |
|
|
|a GrPaTEI
|b gre
|c GR-PaULI
|
| 082 |
|
0 |
|a 004.21
|2 21
|
| 100 |
1 |
|
|a Short, Kenneth L.
|
| 245 |
1 |
0 |
|a Embedded microprocessor systems design :
|b An introduction using the Inel 80C188EB /
|c Kenneth L. Short.
|
| 260 |
|
|
|a Upper Saddle River :
|b Prentice Hall,
|c c1998
|
| 300 |
|
|
|a xi, 819σ.
|
| 504 |
|
|
|a Περιλαμβάνει βιβλιογραφίες και ευρετήριο.
|
| 650 |
|
0 |
|a Embedded computer systems
|x design and construction
|
| 650 |
|
0 |
|a Intelmicroprocessors
|
| 942 |
|
|
|2 ddc
|
| 952 |
|
|
|0 0
|1 0
|2 ddc
|4 0
|6 004_210000000000000_SHO
|7 0
|9 293630
|a LISK
|b LISK
|c BSC
|d 2021-01-17
|e 24
|f 0
|g 0.00
|l 0
|o 004.21 SHO
|p 92410014777
|r 2021-01-17 00:00:00
|t 1
|w 2021-01-17
|y BK15
|x 20020612 0 1
|x GrPaTEI
|
| 971 |
|
|
|a .b26621083
|b 15-04-20
|c 23-09-16
|
| 999 |
|
|
|c 171604
|d 171604
|